000 00499nam a2200169Ia 4500
003 IN-BaIIA
008 211028s9999 xx s 000 0 eng d
020 _a9780819472465 (Print)
020 _a9780819478917 (Online)
040 _cIIA Library
100 _aTkaczyk, Tomasz S.
_940917
245 0 _aField Guide to Microscopy
_h[eBook]
260 _aWashington, USA
_bSPIE
_c2010
300 _aOnline resource
856 _uhttps://doi.org/10.1117/3.798239
_yClick Here to Access eBook
942 _cEB
999 _c22219
_d22219